00533pab a2200181 454500008004000000100002300040245004400063260000900107300001300116362001200129650001800141650002400159650001600183773001900199909001000218999001700228952010600245180718b2003 xxu||||| |||| 00| 0 eng d aSundaram, I. Satya aIndia's economy and rural women workers c2003 ap.67-70. aAug-Sep aWomen - India aRural women - India aRural women aSocial Welfare a57875 c57875d57875 00104070aIIPAbIIPAd2018-07-19hVolume no: 50, Issue no: 5-6pAR58320r2018-07-19w2018-07-19yAR